[Event "Campeonato del Mundo sub-20 2010"]
[Site "Chotowa POL"]
[Date "2010.08.10"]
[Round "7.21"]
[White "Simonian, Hrair"]
[Black "Bajarani, Ulvi"]
[Result "1-0"]
[WhiteElo "2494"]
[BlackElo "2409"]
[PlyCount "67"]
[EventDate "2010.08.03"]
[EventType "swiss"]
[EventRounds "13"]
[EventCountry "POL"]
[Source "lmi"]
[SourceDate "2010.08.03"]

1. e4 c5 2. Nc3 d6 3. Nf3 Nf6 4. d4 cxd4 5. Nxd4 a6 6. a4 g6 7. Be2 Bg7 8. Bf1
Bf8 9. Be2 Bg7 10. O-O O-O 11. Be3 Nc6 12. Qd2 Bd7 13. Nxc6 Bxc6 14. f3 Rc8 15.
Rfd1 Nd7 16. a5 f5 17. Bc4+ Kh8 18. Be6 fxe4 19. Nxe4 Bxe4 20. fxe4 Rf6 21. Bd5
Ne5 22. Bd4 Qc7 23. c3 Rcf8 24. b4 e6 25. Bb3 d5 26. Qe2 dxe4 27. Rf1 Nf3+ 28.
gxf3 exf3 29. Qc4 Qxc4 30. Bxc4 Rf5 31. Bxe6 Rg5+ 32. Kh1 Bxd4 33. cxd4 Rf4 34.
Rad1 1-0

[Event "Campeonato del Mundo sub-20 2010"]
[Site "Chotowa POL"]
[Date "2010.08.10"]
[Round "7.22"]
[White "Can, Emre"]
[Black "Lomsadze, Davit"]
[Result "1-0"]
[WhiteElo "2477"]
[BlackElo "2364"]
[PlyCount "73"]
[EventDate "2010.08.03"]
[EventType "swiss"]
[EventRounds "13"]
[EventCountry "POL"]
[Source "lmi"]
[SourceDate "2010.08.03"]

1. e4 b6 2. d4 Bb7 3. Bd3 Nf6 4. Qe2 Nc6 5. c3 e5 6. d5 Ne7 7. Na3 Ng6 8. Nc2
c6 9. c4 h5 10. Nh3 h4 11. Bd2 Nh5 12. O-O-O Qc7 13. Kb1 Be7 14. g3 O-O-O 15.
Ne3 Bc5 16. Nf5 Ne7 17. Nxh4 f6 18. Ng1 a5 19. Ngf3 Kb8 20. a3 g5 21. Ng2 g4
22. Nfh4 f5 23. d6 Qxd6 24. exf5 Bd4 25. Ne3 c5 26. Rhe1 Nf6 27. Nxg4 Nxg4 28.
Qxg4 Bxf2 29. Bg5 Rdg8 30. Bc2 Bd4 31. f6 Nc6 32. h3 Qe6 33. Qxe6 dxe6 34. Ng6
Rh7 35. Ne7 Nxe7 36. Bxh7 Rxg5 37. f7 1-0

[Event "Campeonato del Mundo sub-20 2010"]
[Site "Chotowa POL"]
[Date "2010.08.10"]
[Round "7.24"]
[White "Bobula, Mateusz"]
[Black "Huschenbeth, Niclas"]
[Result "1/2-1/2"]
[WhiteElo "2387"]
[BlackElo "2459"]
[PlyCount "110"]
[EventDate "2010.08.03"]
[EventType "swiss"]
[EventRounds "13"]
[EventCountry "POL"]
[Source "lmi"]
[SourceDate "2010.08.03"]

1. d4 d5 2. c4 dxc4 3. Nf3 Nf6 4. e3 e6 5. Bxc4 c5 6. O-O a6 7. dxc5 Bxc5 8.
Qxd8+ Kxd8 9. Nbd2 Ke7 10. Be2 Bd7 11. b3 Bb5 12. Nc4 Nc6 13. Bb2 Rac8 14. Rfc1
Rhd8 15. Ne1 Ke8 16. Nd3 Bf8 17. Kf1 Ne4 18. Nb6 Rc7 19. Nf4 g5 20. Bxb5 axb5
21. Nh5 Rd2 22. Nf6+ Nxf6 23. Bxf6 Ba3 24. Be5 Re7 25. Bf6 Bxc1 26. Rxc1 Rc7
27. Be5 Kd8 28. Bf6+ Ke8 29. Be5 Nxe5 30. Rxc7 Ng4 31. h3 Nxf2 32. a4 bxa4 33.
bxa4 Ne4 34. Rxb7 Ng3+ 35. Ke1 Rxg2 36. Nc4 Ne4 37. Ne5 f6 38. Nc6 Nc5 39. Rxh7
Nxa4 40. Re7+ Kf8 41. Rxe6 Kf7 42. Re7+ Kg6 43. e4 Nc5 44. e5 f5 45. Rc7 Ne6
46. Ne7+ Kf7 47. Ra7 f4 48. h4 f3 49. hxg5 Nxg5 50. Nd5+ Kf8 51. Ra8+ Kf7 52.
Ra7+ Ke8 53. e6 Re2+ 54. Kf1 Nxe6 55. Nc7+ Nxc7 1/2-1/2

[Event "Campeonato del Mundo sub-20 2010"]
[Site "Chotowa POL"]
[Date "2010.08.10"]
[Round "7.26"]
[White "Nyzhnyk, Illya"]
[Black "Kanmazalp, Ogulcan"]
[Result "1/2-1/2"]
[WhiteElo "2543"]
[BlackElo "2381"]
[PlyCount "87"]
[EventDate "2010.08.03"]
[EventType "swiss"]
[EventRounds "13"]
[EventCountry "POL"]
[Source "lmi"]
[SourceDate "2010.08.03"]

1. e4 c5 2. Nf3 Nc6 3. d4 cxd4 4. Nxd4 Nf6 5. Nc3 e5 6. Ndb5 d6 7. Bg5 a6 8.
Na3 b5 9. Bxf6 gxf6 10. Nd5 Bg7 11. Bd3 Ne7 12. Nxe7 Qxe7 13. c4 f5 14. O-O O-O
15. Qh5 Rb8 16. exf5 e4 17. Rae1 Bb7 18. b3 bxc4 19. bxc4 Rfe8 20. Nc2 Qc7 21.
Qg4 Kh8 22. f6 Bh6 23. Be2 Rg8 24. Qh3 Rg6 25. Bh5 Rxf6 26. Ne3 Rg8 27. Ng4 Re6
28. Ne3 Rf6 29. Nd5 Bxd5 30. cxd5 Qc4 31. Bxf7 Rxf7 32. Qxh6 Qxd5 33. g3 Rg6
34. Qe3 Qxa2 35. Qxe4 Rgf6 36. Ra1 Qd2 37. Rxa6 Rxf2 38. Ra8+ Kg7 39. Qg4+ Kh6
40. Qe6+ Kg7 41. Qg4+ Kh6 42. Qh4+ Kg7 43. Qg4+ Kh6 44. Qh4+ 1/2-1/2

[Event "Campeonato del Mundo sub-20 2010"]
[Site "Chotowa POL"]
[Date "2010.08.10"]
[Round "7.27"]
[White "Narmontas, Matas"]
[Black "Ter-Sahakyan, Samvel"]
[Result "1/2-1/2"]
[WhiteElo "2379"]
[BlackElo "2525"]
[PlyCount "42"]
[EventDate "2010.08.03"]
[EventType "swiss"]
[EventRounds "13"]
[EventCountry "POL"]
[Source "lmi"]
[SourceDate "2010.08.03"]

1. e4 c5 2. Nf3 d6 3. d4 Nf6 4. Nc3 cxd4 5. Nxd4 a6 6. Bg5 e6 7. f4 Qb6 8. Qd2
Qxb2 9. Rb1 Qa3 10. f5 Nc6 11. fxe6 fxe6 12. Nxc6 bxc6 13. Be2 Be7 14. Bf1 Bf8
15. Be2 Be7 16. O-O O-O 17. Rb3 Qc5+ 18. Be3 Qe5 19. Bd4 Qa5 20. Bb6 Qe5 21.
Bd4 Qa5 1/2-1/2

[Event "Campeonato del Mundo sub-20 2010"]
[Site "Chotowa POL"]
[Date "2010.08.10"]
[Round "7.28"]
[White "Durarbeyli, Vasif"]
[Black "Arenas Vanegas, David"]
[Result "1-0"]
[WhiteElo "2501"]
[BlackElo "2364"]
[PlyCount "77"]
[EventDate "2010.08.03"]
[EventType "swiss"]
[EventRounds "13"]
[EventCountry "POL"]
[Source "lmi"]
[SourceDate "2010.08.03"]

1. e4 c5 2. Nf3 d6 3. d4 Nf6 4. Nc3 Ng8 5. Nb1 Nf6 6. Nc3 cxd4 7. Nxd4 g6 8.
Be3 Bg7 9. f3 O-O 10. Qd2 Nc6 11. Bc4 Nd7 12. h4 Nb6 13. Bb3 Na5 14. h5 Nbc4
15. Qe2 Nxe3 16. Qxe3 Bd7 17. hxg6 hxg6 18. O-O-O Rc8 19. Kb1 Nc4 20. Qf4 Re8
21. Rh7 e6 22. Qh2 Qf6 23. Nde2 b5 24. f4 Bc6 25. g4 g5 26. Bxc4 bxc4 27. fxg5
Qe5 28. Qh5 Bxe4 29. Rxg7+ Kxg7 30. Qh6+ Kg8 31. Nxe4 Qxe4 32. Rh1 Qe5 33. Nf4
Qg7 34. Qh4 Rb8 35. b3 cxb3 36. axb3 Kf8 37. g6 e5 38. Nd5 Qxg6 39. Qh8+ 1-0

[Event "Campeonato del Mundo sub-20 2010"]
[Site "Chotowa POL"]
[Date "2010.08.10"]
[Round "7.32"]
[White "Swapnil, Sunil Dhopade"]
[Black "Kantans, Toms"]
[Result "1/2-1/2"]
[WhiteElo "2426"]
[BlackElo "2343"]
[PlyCount "60"]
[EventDate "2010.08.03"]
[EventType "swiss"]
[EventRounds "13"]
[EventCountry "POL"]
[Source "lmi"]
[SourceDate "2010.08.03"]

1. d4 Nf6 2. c4 g6 3. Nc3 d5 4. Bg5 Ne4 5. Bh4 Nxc3 6. bxc3 Bg7 7. e3 c5 8. Nf3
Nc6 9. Be2 dxc4 10. Bxc4 O-O 11. O-O cxd4 12. cxd4 b6 13. Rc1 Bb7 14. Qe2 Rc8
15. Rfd1 Na5 16. Bb5 Qd6 17. a4 Bd5 18. Nd2 Nb3 19. Nxb3 Bxb3 20. Re1 Qa3 21.
Qd2 Bd5 22. Ra1 Qd6 23. Bg3 Qe6 24. Ba6 Rcd8 25. Rac1 f5 26. Rc7 g5 27. e4 fxe4
28. Qxg5 Rf5 29. Qg4 h5 30. Qd1 Qf6 1/2-1/2

[Event "Campeonato del Mundo sub-20 2010"]
[Site "Chotowa POL"]
[Date "2010.08.10"]
[Round "7.33"]
[White "Golichenko, Ilija"]
[Black "Casanova, Fernando Ricardo So"]
[Result "1-0"]
[WhiteElo "2419"]
[BlackElo "2074"]
[PlyCount "79"]
[EventDate "2010.08.03"]
[EventType "swiss"]
[EventRounds "13"]
[EventCountry "POL"]
[Source "lmi"]
[SourceDate "2010.08.03"]

1. d4 Nf6 2. c4 g6 3. Nc3 Bg7 4. e4 d6 5. Be2 O-O 6. Bg5 c5 7. d5 e6 8. Nf3 h6
9. Be3 exd5 10. exd5 Re8 11. h3 Nbd7 12. Qd2 Kh7 13. O-O Ne5 14. Nxe5 Rxe5 15.
Bd3 Re8 16. Rfe1 a6 17. a4 Bd7 18. a5 Qc7 19. Reb1 Bc8 20. Na4 Ne4 21. Qc2 Ng3
22. Nb6 Rb8 23. Bf4 Nh5 24. Bd2 Be5 25. Qc1 Bg7 26. g4 Nf6 27. Bc3 Nd7 28. Bxg7
Kxg7 29. Qc3+ Kh7 30. Re1 Rxe1+ 31. Rxe1 Ne5 32. Bc2 Qe7 33. Kg2 Qg5 34. Qe3
Qxe3 35. Rxe3 Kg7 36. f4 Nd7 37. Re8 Nxb6 38. axb6 h5 39. Ba4 hxg4 40. hxg4 1-0

[Event "Campeonato del Mundo sub-20 2010"]
[Site "Chotowa POL"]
[Date "2010.08.10"]
[Round "7.34"]
[White "Wieczorek, Oskar"]
[Black "Debashis, Das"]
[Result "1/2-1/2"]
[WhiteElo "2316"]
[BlackElo "2411"]
[PlyCount "78"]
[EventDate "2010.08.03"]
[EventType "swiss"]
[EventRounds "13"]
[EventCountry "POL"]
[Source "lmi"]
[SourceDate "2010.08.03"]

1. e4 e5 2. Nf3 Nc6 3. Bb5 a6 4. Ba4 Nf6 5. O-O b5 6. Bb3 Bc5 7. a4 Rb8 8. axb5
axb5 9. c3 d6 10. d4 Bb6 11. h3 O-O 12. Re1 h6 13. Na3 Re8 14. d5 Ne7 15. Bc2
Ng6 16. b4 Bd7 17. Bd3 Nh5 18. Be3 Bxe3 19. fxe3 c6 20. Qc2 Nf6 21. dxc6 Bxc6
22. Nb1 Qb6 23. Kh2 Qc7 24. Nbd2 d5 25. Kg1 dxe4 26. Nxe4 Bxe4 27. Bxe4 Nxe4
28. Qxe4 Qxc3 29. Rec1 Qb3 30. Rc7 Rbc8 31. Rac1 Rcd8 32. Rb7 Rd1+ 33. Rxd1
Qxd1+ 34. Kh2 Qe2 35. Qd5 Nh8 36. Qxb5 Qxb5 37. Rxb5 Ng6 38. Rc5 f6 39. b5 Rb8
1/2-1/2

[Event "Campeonato del Mundo sub-20 2010"]
[Site "Chotowa POL"]
[Date "2010.08.10"]
[Round "7.36"]
[White "Fernandez, Daniel Howard"]
[Black "Sagar, Shah Dharmendra"]
[Result "1/2-1/2"]
[WhiteElo "2401"]
[BlackElo "2285"]
[PlyCount "160"]
[EventDate "2010.08.03"]
[EventType "swiss"]
[EventRounds "13"]
[EventCountry "POL"]
[Source "lmi"]
[SourceDate "2010.08.03"]

1. Nf3 d6 2. d4 Nf6 3. c4 Nbd7 4. Nc3 e5 5. g3 c6 6. Bg2 Be7 7. O-O O-O 8. b3
Re8 9. e3 e4 10. Ng5 d5 11. cxd5 cxd5 12. f3 Bb4 13. Bd2 Bxc3 14. Bxc3 h6 15.
Nh3 Qe7 16. f4 b6 17. Qd2 Ba6 18. Bb4 Qe6 19. f5 Qc6 20. Rfc1 Qb7 21. Nf4 Rac8
22. h3 h5 23. Ba3 Rxc1+ 24. Rxc1 Rc8 25. Rc3 Rxc3 26. Qxc3 Qc8 27. Qxc8+ Bxc8
28. Be7 Ba6 29. Bf1 Bxf1 30. Kxf1 Kh7 31. Ke2 g5 32. fxg6+ fxg6 33. h4 Kg7 34.
Bd8 Kf7 35. a3 a6 36. Kd2 Ke8 37. Bc7 Kf7 38. Kd1 Nf8 39. Bxb6 Ne6 40. Nxe6
Kxe6 41. a4 Kd7 42. Ke2 Ng4 43. Ba7 Kc6 44. Bb8 Kb6 45. Bd6 Kc6 46. Bf4 Kb6 47.
Bg5 Ka5 48. Kd2 Kb6 49. Kc3 Nf2 50. Bd8+ Kc6 51. Kb4 Nd1 52. Bg5 Kb6 53. Bf4
Nf2 54. Bh6 Nd3+ 55. Kc3 Nf2 56. Bg5 Nd1+ 57. Kb4 Nb2 58. Bd8+ Kc6 59. Ka5 Kb7
60. Be7 Nd1 61. Bg5 Nb2 62. Bf4 Ka7 63. Bh6 Kb7 64. Bg5 Ka7 65. Kb4 Nd3+ 66.
Kc3 Nf2 67. Kb4 Nd3+ 68. Kc3 Nf2 69. Bd8 Ng4 70. Kd2 Kb7 71. Ke2 Kc6 72. Ba5
Kb7 73. b4 Kc6 74. Bd8 Kd7 75. Bg5 Kc6 76. Ke1 Kb6 77. Kd2 Kc6 78. Bf4 Kb6 79.
Kc3 Nf2 80. Bg5 Kc6 1/2-1/2

[Event "Campeonato del Mundo sub-20 2010"]
[Site "Chotowa POL"]
[Date "2010.08.10"]
[Round "7.37"]
[White "Tran, Ngoc Lan"]
[Black "Andersen, Mads"]
[Result "0-1"]
[WhiteElo "2218"]
[BlackElo "2382"]
[PlyCount "102"]
[EventDate "2010.08.03"]
[EventType "swiss"]
[EventRounds "13"]
[EventCountry "POL"]
[Source "lmi"]
[SourceDate "2010.08.03"]

1. e4 c5 2. Nc3 Nc6 3. g3 g6 4. Bg2 Bg7 5. d3 d6 6. Be3 Rb8 7. Qd2 b5 8. Nge2
b4 9. Nd1 Nd4 10. O-O e5 11. f4 Bg4 12. Nc1 exf4 13. Bxf4 Bxd1 14. Qxd1 Ne7 15.
Rb1 O-O 16. Nb3 Ne6 17. Be3 a5 18. Nd2 a4 19. Nc4 Nd4 20. Qd2 d5 21. exd5 Nxd5
22. Bxd4 Bxd4+ 23. Kh1 h5 24. Qe2 Nf6 25. Qf3 Ng4 26. h3 Nh6 27. Rbc1 Bg7 28.
Rce1 Nf5 29. Ne3 Nd4 30. Qf4 Ne6 31. Qc4 Qg5 32. Rf3 Nd4 33. h4 Qe5 34. Rf4 Nf5
35. Rf3 Nxg3+ 36. Kg1 Nf5 37. Kf2 Rbe8 38. c3 bxc3 39. Nc2 Qh2 40. Rh3 Qd6 41.
bxc3 Rxe1 42. Nxe1 Be5 43. Be4 Bg3+ 44. Ke2 Qf4 45. Ng2 Qg4+ 46. Kd2 Qxh3 47.
Qxc5 Nxh4 48. Nxh4 Qxh4 49. c4 Bf4+ 50. Kc3 Qe1+ 51. Kb2 Qc1# 0-1

[Event "Campeonato del Mundo sub-20 2010"]
[Site "Chotowa POL"]
[Date "2010.08.10"]
[Round "7.39"]
[White "Fodor, Tamas Jr"]
[Black "Arun, Karthik Ravichandra"]
[Result "1-0"]
[WhiteElo "2452"]
[BlackElo "2289"]
[PlyCount "81"]
[EventDate "2010.08.03"]
[EventType "swiss"]
[EventRounds "13"]
[EventCountry "POL"]
[Source "lmi"]
[SourceDate "2010.08.03"]

1. Nf3 Nf6 2. c4 e6 3. g3 b6 4. Bg2 Bb7 5. O-O c5 6. Nc3 d6 7. Re1 a6 8. e4
Nbd7 9. d4 cxd4 10. Nxd4 Qc7 11. Be3 Be7 12. Rc1 O-O 13. f4 Rac8 14. g4 Nc5 15.
Bf2 g6 16. f5 exf5 17. exf5 Bxg2 18. Kxg2 Qb7+ 19. Kg1 Rfe8 20. g5 Nfe4 21. f6
Nxg5 22. Nd5 Nh3+ 23. Kf1 Bf8 24. Qf3 Ng5 25. Qg2 Nge4 26. b4 Nd2+ 27. Kg1 Nce4
28. Nf5 Kh8 29. Nfe7 Bxe7 30. fxe7 f5 31. Bd4+ Kg8 32. Bc3 Nxc4 33. Nf6+ Kf7
34. Rxe4 fxe4 35. Rf1 Ne5 36. Nxe4+ Kxe7 37. Bxe5 dxe5 38. Qg5+ Ke6 39. Rf6+
Kd5 40. Qd2+ Kxe4 41. Qg2+ 1-0

[Event "Campeonato del Mundo sub-20 2010"]
[Site "Chotowa POL"]
[Date "2010.08.10"]
[Round "7.40"]
[White "Kaleta, Blazej"]
[Black "Arnold, Marc Tyler"]
[Result "0-1"]
[WhiteElo "1944"]
[BlackElo "2432"]
[PlyCount "122"]
[EventDate "2010.08.03"]
[EventType "swiss"]
[EventRounds "13"]
[EventCountry "POL"]
[Source "lmi"]
[SourceDate "2010.08.03"]

1. d4 Nf6 2. c4 a6 3. Nc3 c5 4. Nf3 cxd4 5. Nxd4 e6 6. e3 Qc7 7. Be2 Be7 8. O-O
O-O 9. Qc2 Nc6 10. Nxc6 Qxc6 11. Rd1 Rb8 12. a3 b5 13. cxb5 axb5 14. Bf3 Qc7
15. Bd2 d5 16. Rac1 Qa7 17. Na2 Bd7 18. Bb4 Rfc8 19. Qb3 Bd8 20. Bd6 Ra8 21.
Be5 Be7 22. Nc3 Qb7 23. e4 Nxe4 24. Nxe4 dxe4 25. Rxc8+ Rxc8 26. Be2 Rc5 27.
Bd4 Rd5 28. Qe3 Bc6 29. Bc3 Rxd1+ 30. Bxd1 Bd5 31. h3 f6 32. Be2 Bd6 33. Qd2
Qc6 34. Bf1 Qd7 35. Bb4 Bxb4 36. Qxb4 Bc6 37. Qc3 Kf7 38. Be2 e5 39. Qb3+ Qe6
40. Qc3 Qd7 41. b3 g6 42. a4 bxa4 43. bxa4 Bxa4 44. Qc4+ Kg7 45. Qxe4 Bc6 46.
Qc2 Qd5 47. Bf1 h5 48. Qc3 g5 49. Kh2 h4 50. Qc2 e4 51. Kg1 Qe6 52. Qc3 Bd5 53.
Qc5 Qc6 54. Qe7+ Bf7 55. Be2 Qe6 56. Qa3 Qa2 57. Qe3 Bc4 58. Bg4 Qa1+ 59. Kh2
Qe5+ 60. Kg1 Bf7 61. Qa7 Kf8 0-1

[Event "Campeonato del Mundo sub-20 2010"]
[Site "Chotowa POL"]
[Date "2010.08.10"]
[Round "7.41"]
[White "Larmuseau, Maarten"]
[Black "Dimitrov, Pavel"]
[Result "0-1"]
[WhiteElo "2277"]
[BlackElo "2365"]
[PlyCount "96"]
[EventDate "2010.08.03"]
[EventType "swiss"]
[EventRounds "13"]
[EventCountry "POL"]
[Source "lmi"]
[SourceDate "2010.08.03"]

1. e4 e5 2. Nf3 Nc6 3. Bb5 a6 4. Ba4 Nf6 5. d3 b5 6. Bb3 Be7 7. O-O O-O 8. c3
d6 9. h3 Na5 10. Bc2 c5 11. Re1 Bb7 12. Nbd2 Re8 13. Nf1 Bf8 14. Ng3 g6 15. Qe2
Bg7 16. Be3 Qc7 17. Rac1 c4 18. Rcd1 d5 19. Bg5 cxd3 20. Bxd3 dxe4 21. Nxe4
Nxe4 22. Bxe4 Bxe4 23. Qxe4 h6 24. Bc1 Qc4 25. Qxc4 Nxc4 26. Nd2 Rad8 27. Nxc4
bxc4 28. Kf1 Rd3 29. Rxd3 cxd3 30. Re4 f5 31. Rc4 Re6 32. Rc8+ Kh7 33. f3 e4
34. fxe4 fxe4 35. Be3 g5 36. a4 Be5 37. Rf8 Kg7 38. Rf5 Bg3 39. c4 Rd6 40. Rd5
Rxd5 41. cxd5 Kf6 42. Bb6 Bf4 43. g3 Bxg3 44. b4 Bf4 45. b5 axb5 46. a5 e3 47.
a6 e2+ 48. Ke1 Bg3+ 0-1

[Event "Campeonato del Mundo sub-20 2010"]
[Site "Chotowa POL"]
[Date "2010.08.10"]
[Round "7.42"]
[White "Anton, Teodor"]
[Black "Ivanov, Stojan Lubomirov"]
[Result "0-1"]
[WhiteElo "2350"]
[BlackElo "2223"]
[PlyCount "134"]
[EventDate "2010.08.03"]
[EventType "swiss"]
[EventRounds "13"]
[EventCountry "POL"]
[Source "lmi"]
[SourceDate "2010.08.03"]

1. d4 d5 2. Nf3 Nf6 3. e3 Bf5 4. c4 c6 5. Qb3 Qb6 6. Nc3 e6 7. c5 Qc7 8. Nh4
Be4 9. f3 Bg6 10. Nxg6 hxg6 11. g3 b6 12. cxb6 axb6 13. Bg2 b5 14. Ne2 Nbd7 15.
Bd2 Nb6 16. O-O-O Nc4 17. Kb1 Be7 18. Bc1 O-O 19. e4 Ra4 20. Qc2 Ra6 21. b3
Na3+ 22. Bxa3 Rxa3 23. e5 Nd7 24. f4 Rfa8 25. Nc1 Qa7 26. h4 c5 27. dxc5 Nxc5
28. Rd2 Qa5 29. Re2 Na6 30. h5 g5 31. f5 Nb4 32. Qd2 Rc8 33. Qb2 Rxc1+ 34. Rxc1
Rxa2 35. Qxa2 Nxa2 36. Rxa2 Ba3 37. fxe6 fxe6 38. Bh3 Kf7 39. Rf2+ Ke7 40. Rcc2
Bc5 41. Rfd2 Qb4 42. Rd3 Qe1+ 43. Ka2 b4 44. Rdd2 Bb6 45. Rd3 Qxe5 46. Bg4 Qe4
47. Be2 Bd4 48. Kb1 Bc3 49. Rd1 Qe3 50. g4 Qe4 51. Rd3 Qe5 52. Rd1 Qe3 53. Rd3
Qc5 54. Rd1 e5 55. Ra2 e4 56. Rf1 Bf6 57. Rc1 Qe3 58. Bd1 Bc3 59. Be2 d4 60.
Bc4 d3 61. Rf1 Bf6 62. Rd1 Qf3 63. Re1 Bc3 64. Rg1 Bd4 65. Re1 Be3 66. Bxd3
exd3 67. Rd2 Qe4 0-1

[Event "Campeonato del Mundo sub-20 2010"]
[Site "Chotowa POL"]
[Date "2010.08.10"]
[Round "7.43"]
[White "Akkozov, Berik"]
[Black "Smola, Michal"]
[Result "0-1"]
[WhiteElo "2328"]
[BlackElo "2220"]
[PlyCount "104"]
[EventDate "2010.08.03"]
[EventType "swiss"]
[EventRounds "13"]
[EventCountry "POL"]
[Source "lmi"]
[SourceDate "2010.08.03"]

1. d4 Nf6 2. Nf3 b6 3. g3 Bb7 4. Bg2 e6 5. c4 c5 6. O-O cxd4 7. Qxd4 Bc5 8. Qf4
O-O 9. Nc3 d5 10. Rd1 Qe7 11. cxd5 Nxd5 12. Nxd5 Bxd5 13. Qg4 Nd7 14. Bg5 Nf6
15. Qa4 h6 16. Bxf6 Qxf6 17. e4 Bb7 18. e5 Qf5 19. g4 Qe4 20. Qxe4 Bxe4 21. Nd4
Rad8 22. Bxe4 Bxd4 23. Rd2 Bxe5 24. Rad1 Rxd2 25. Rxd2 g6 26. b3 Kg7 27. Bb7
Kf6 28. Kg2 Kg5 29. h3 h5 30. gxh5 gxh5 31. Re2 Bf4 32. Rc2 f5 33. Rc8 Rf7 34.
Rg8+ Kf6 35. Bc6 Rc7 36. Bb5 Rc2 37. Kf3 Bd6 38. Bc4 Bc5 39. Rh8 h4 40. Be2 e5
41. b4 Bd4 42. Rf8+ Kg6 43. Rg8+ Kf7 44. Rd8 e4+ 45. Kg2 Rxe2 46. Rxd4 Rxa2 47.
Kf1 Ke6 48. Rd8 Ke5 49. Rh8 Kf4 50. Ke1 Kf3 51. Rh5 f4 52. Rxh4 e3 0-1

[Event "Campeonato del Mundo sub-20 2010"]
[Site "Chotowa POL"]
[Date "2010.08.10"]
[Round "7.44"]
[White "Pecha, Tomas"]
[Black "Schiendorfer, Emanuel"]
[Result "1/2-1/2"]
[WhiteElo "2187"]
[BlackElo "2305"]
[PlyCount "73"]
[EventDate "2010.08.03"]
[EventType "swiss"]
[EventRounds "13"]
[EventCountry "POL"]
[Source "lmi"]
[SourceDate "2010.08.03"]

1. e4 c5 2. Nf3 d6 3. d4 cxd4 4. Nxd4 Nf6 5. Nc3 a6 6. Be2 e5 7. Nb3 Be7 8. O-O
O-O 9. Be3 Be6 10. Qd2 Nbd7 11. a4 Nb6 12. a5 Nc4 13. Bxc4 Bxc4 14. Rfd1 Rc8
15. f3 Rc6 16. Nd5 Bxd5 17. exd5 Rc4 18. Qe2 Qc8 19. c3 Bd8 20. Nd2 Rc7 21. Bb6
Re7 22. Nc4 Bxb6+ 23. Nxb6 Qc5+ 24. Kh1 e4 25. f4 Rfe8 26. Ra3 e3 27. g3 h5 28.
Kg2 h4 29. Rd3 Nd7 30. b4 Qc7 31. Nxd7 Qxd7 32. c4 h3+ 33. Kf3 Qf5 34. Rxe3 Kf8
35. Rxe7 Rxe7 36. Re3 Rxe3+ 37. Kxe3 1/2-1/2

[Event "Campeonato del Mundo sub-20 2010"]
[Site "Chotowa POL"]
[Date "2010.08.10"]
[Round "7.45"]
[White "Botta, Gabriele"]
[Black "Pagerka, Martin"]
[Result "1/2-1/2"]
[WhiteElo "2302"]
[BlackElo "2215"]
[PlyCount "50"]
[EventDate "2010.08.03"]
[EventType "swiss"]
[EventRounds "13"]
[EventCountry "POL"]
[Source "lmi"]
[SourceDate "2010.08.03"]

1. e4 e5 2. Nf3 Nf6 3. Nxe5 Nxe4 4. Qe2 Qe7 5. Qxe4 d6 6. d4 dxe5 7. dxe5 Nc6
8. Bb5 Bd7 9. O-O O-O-O 10. Nc3 Nxe5 11. Be3 Bc6 12. Qa4 Qb4 13. Qxa7 Bxb5 14.
Qa8+ Kd7 15. Rfd1+ Bd6 16. Qxb7 Rb8 17. Qd5 Kc8 18. Nxb5 Qxb5 19. Qe4 g6 20.
Rd5 f5 21. Qd4 Qxb2 22. Qxb2 Rxb2 23. Bd4 Rxc2 24. Bxe5 Bxe5 25. Rxe5 Rd8
1/2-1/2

[Event "Campeonato del Mundo sub-20 2010"]
[Site "Chotowa POL"]
[Date "2010.08.10"]
[Round "7.47"]
[White "Barski, Radoslaw"]
[Black "Gator, Mosab"]
[Result "1-0"]
[WhiteElo "2290"]
[BlackElo "2121"]
[PlyCount "89"]
[EventDate "2010.08.03"]
[EventType "swiss"]
[EventRounds "13"]
[EventCountry "POL"]
[Source "lmi"]
[SourceDate "2010.08.03"]

1. e4 c5 2. Nf3 d6 3. d4 cxd4 4. Nxd4 Nf6 5. Nc3 g6 6. Be3 Bg7 7. f3 Nc6 8. Qd2
O-O 9. O-O-O d5 10. Kb1 Nxd4 11. e5 Nd7 12. Bxd4 Nxe5 13. Qe3 Nc6 14. Bxg7 Kxg7
15. Nxd5 Be6 16. Bc4 Qa5 17. b4 Qa4 18. Bb3 Qa3 19. b5 Bxd5 20. Rxd5 Na5 21.
Rd7 Nxb3 22. axb3 Rfe8 23. Rxb7 Qd6 24. Qc3+ Kg8 25. Qc6 Qe5 26. Qe4 Qg5 27. f4
Qc5 28. Rd1 Rad8 29. Rbd7 Rxd7 30. Rxd7 Qxb5 31. Rxa7 Qc5 32. Ra8 Rxa8 33.
Qxa8+ Kg7 34. h3 Qd4 35. Qf3 h5 36. Ka2 f6 37. c3 Qd2+ 38. Ka3 e5 39. fxe5 fxe5
40. b4 Qc1+ 41. Kb3 Qb1+ 42. Kc4 e4 43. Qe2 Kf6 44. Kd4 Kf5 45. g4+ 1-0

[Event "Campeonato del Mundo sub-20 2010"]
[Site "Chotowa POL"]
[Date "2010.08.10"]
[Round "7.48"]
[White "Zysko, Jan"]
[Black "Lukovic, Vladimir"]
[Result "1/2-1/2"]
[WhiteElo "2210"]
[BlackElo "2130"]
[PlyCount "115"]
[EventDate "2010.08.03"]
[EventType "swiss"]
[EventRounds "13"]
[EventCountry "POL"]
[Source "lmi"]
[SourceDate "2010.08.03"]

1. e4 e5 2. Nf3 Nc6 3. Bb5 a6 4. Ba4 Nf6 5. O-O Be7 6. Re1 b5 7. Bb3 d6 8. c3
O-O 9. h3 Na5 10. Bc2 c5 11. d4 Qc7 12. Nbd2 cxd4 13. cxd4 Nc6 14. Nb3 a5 15.
Be3 a4 16. Nbd2 Bd7 17. Rc1 Qb7 18. Bd3 Rab8 19. Qe2 Rfe8 20. dxe5 Nxe5 21.
Nxe5 dxe5 22. Bc5 Bxc5 23. Rxc5 Rbc8 24. Rec1 Rxc5 25. Rxc5 Qb6 26. Qe3 Qb8 27.
Nf3 Re6 28. Qc1 Ne8 29. Qf1 b4 30. Bc4 Re7 31. Qd3 Nf6 32. Bd5 h6 33. Qc4 Nxd5
34. Qxd5 Be6 35. Rb5 Qf8 36. Qd6 Bxa2 37. Qxb4 Bb3 38. Nxe5 Re8 39. Qxf8+ Kxf8
40. f3 Rd8 41. Nc6 Rd1+ 42. Kh2 g6 43. Rb8+ Kg7 44. Na5 Rd2 45. Nxb3 Rxb2 46.
Ra8 axb3 47. Rb8 Kf6 48. Rb7 Rb1 49. f4 b2 50. Kg3 Ke6 51. Kg4 Re1 52. Rb6+ Ke7
53. Rxb2 Rxe4 54. Kf3 Ra4 55. Re2+ Kf6 56. Re3 g5 57. fxg5+ hxg5 58. Rc3
1/2-1/2

[Event "Campeonato del Mundo sub-20 2010"]
[Site "Chotowa POL"]
[Date "2010.08.10"]
[Round "7.51"]
[White "Hercules, Benjamin Vincent"]
[Black "Podolsky, Anton"]
[Result "1-0"]
[WhiteElo "2057"]
[BlackElo "2190"]
[PlyCount "49"]
[EventDate "2010.08.03"]
[EventType "swiss"]
[EventRounds "13"]
[EventCountry "POL"]
[Source "lmi"]
[SourceDate "2010.08.03"]

1. d4 Nf6 2. c4 c5 3. d5 b5 4. cxb5 a6 5. bxa6 g6 6. Nc3 Bxa6 7. g3 d6 8. Bg2
Bg7 9. Nf3 O-O 10. Rb1 Nbd7 11. b3 Qa5 12. Bd2 Rfb8 13. O-O c4 14. Nd4 Ne5 15.
Nc6 Nxc6 16. dxc6 Qc7 17. b4 Bb5 18. Nxb5 Rxb5 19. a4 Rbb8 20. b5 d5 21. a5 e6
22. Qa4 Rc8 23. a6 Qb6 24. Qa5 Qc5 25. b6 1-0

[Event "Campeonato del Mundo sub-20 2010"]
[Site "Chotowa POL"]
[Date "2010.08.10"]
[Round "7.52"]
[White "Lis, Marek"]
[Black "Green, Andrew D"]
[Result "1/2-1/2"]
[WhiteElo "2072"]
[BlackElo "2172"]
[PlyCount "52"]
[EventDate "2010.08.03"]
[EventType "swiss"]
[EventRounds "13"]
[EventCountry "POL"]
[Source "lmi"]
[SourceDate "2010.08.03"]

1. e4 c5 2. Nf3 d6 3. d4 cxd4 4. Qxd4 Nc6 5. Bb5 Bd7 6. Bxc6 Bxc6 7. Nc3 Nf6 8.
Bg5 e6 9. O-O-O Be7 10. Qd3 Qa5 11. h4 h6 12. Bxf6 Bxf6 13. Nd4 O-O-O 14. f4 a6
15. Qc4 Qc7 16. Kb1 d5 17. exd5 Bxd5 18. Qxc7+ Kxc7 19. Nxd5+ Rxd5 20. Nf3 Rhd8
21. Rxd5 Rxd5 22. g4 Rb5 23. b3 Bc3 24. Rd1 Rc5 25. Rd3 b5 26. a3 Bf6 1/2-1/2